Southville International School and Colleges
Your cart is empty.
  • Cart
  • Lists
    Public lists Eva Luna New books Lux_list list_1
    Your lists Log in to create your own lists
  • Log in to your account
  • Your cookies
  • Search history
Southville International School and Colleges
  • Advanced search
  • Recent comments
  • Most popular
  • Libraries

Log in to your account

Log in with GOOGLE


If you do not have an external account, but do have a local account, you can still log in:

  1. Home
  2. MARC view: Clinical diagnosis and management by laboratory methods /
Normal view MARC view ISBD view

Clinical diagnosis and management by laboratory methods / (Record no. 19775)

[ view plain ]
MARC details
000 -LEADER
fixed length control field 00574nam a2200181 a 4500
005 - DATE AND TIME OF LATEST TRANSACTION
control field 20140310183156.0
008 - FIXED-LENGTH DATA ELEMENTS--GENERAL INFORMATION
fixed length control field 021015s19uu xx 00 eng d
020 ## - INTERNATIONAL STANDARD BOOK NUMBER
International Standard Book Number 0808919970
050 ## - LIBRARY OF CONGRESS CALL NUMBER
Classification number RB 37
Item number .C54 1998
245 ## - TITLE STATEMENT
Title Clinical diagnosis and management by laboratory methods /
Statement of responsibility, etc John Bernard Henry.
250 ## - EDITION STATEMENT
Edition statement 19th ed
260 ## - PUBLICATION, DISTRIBUTION, ETC. (IMPRINT)
Place of publication, distribution, etc Philipines :
Name of publisher, distributor, etc Harcourt Brace & Company Asia Pte Ltd.,
Date of publication, distribution, etc 1998.
300 ## - PHYSICAL DESCRIPTION
Extent 1556 p. :
Other physical details ill. ;
Dimensions 27 cm.
650 ## - SUBJECT ADDED ENTRY--TOPICAL TERM
Topical term or geographic name as entry element Diagnosis laboratory.
650 ## - SUBJECT ADDED ENTRY--TOPICAL TERM
Topical term or geographic name as entry element Laboratory techniques and procedures.
942 ## - ADDED ENTRY ELEMENTS (KOHA)
Koha item type Books
Source of classification or shelving scheme Library of Congress Classification
Holdings
Withdrawn status Lost status Source of classification or shelving scheme Damaged status Home library Current library Shelving location Date acquired Cost, normal purchase price Total Checkouts Full call number Barcode Date last seen Copy number Price effective from Koha item type
    Library of Congress Classification   College Library College Library Reference Section   895.00   RB 37 .C54 1998 C1221 05/15/2018 1 11/14/2013 Books

Clinical diagnosis and management by laboratory methods /

APA

(1998). Clinical diagnosis and management by laboratory methods. Philipines: Harcourt Brace & Company Asia Pte Ltd.

Chicago

1998. Clinical diagnosis and management by laboratory methods. Philipines: Harcourt Brace & Company Asia Pte Ltd.

Harvard

(1998). Clinical diagnosis and management by laboratory methods. Philipines: Harcourt Brace & Company Asia Pte Ltd.

MLA

Clinical diagnosis and management by laboratory methods. Philipines: Harcourt Brace & Company Asia Pte Ltd. 1998.

  • Place hold
  • Print
  • Cite
  • Add to your cart (remove)
  • Save record
    BIBTEX Dublin Core MARCXML MARC (non-Unicode/MARC-8) MARC (Unicode/UTF-8) MARC (Unicode/UTF-8, Standard) MODS (XML) RIS
  • More searches
    Search for this title in:
    Other Libraries (WorldCat) Other Databases (Google Scholar) Online Stores (Bookfinder.com) Open Library (openlibrary.org)

Exporting to Dublin Core...

SOUTHVILLE LIBRARY

Southville International School and Colleges Library

1281 Tropical Ave. Cor. Luxembourg St., BF Homes International, Las Pinas City

Tel. No. 8256374 / 252358 Loc. 117/146

Powered by Koha